Top 30 Winners In Formula One - Statistics

General Stats
  • This quiz has been taken 358 times
  • The average score is 24 of 30
Answer Stats
Country Wins Driver % Correct
United Kingdom 103 Lewis Hamilton
100%
Netherlands 37 Max Verstappen
100%
Germany 91 Michael Schumacher
99%
Brazil 41 Ayrton Senna
98%
Spain 32 Fernando Alonso
98%
Germany 53 Sebastian Vettel
98%
France 51 Alain Prost
95%
Finland 21 Kimi Räikkönen
93%
Austria 25 Niki Lauda
92%
Finland 20 Mika Häkkinen
89%
Argentina 24 Juan Manuel Fangio
87%
United Kingdom 22 Damon Hill
83%
Brazil 11 Felipe Massa
83%
United Kingdom 14 Graham Hill
83%
Germany 23 Nico Rosberg
83%
Canada 11 Jacques Villeneuve
82%
United Kingdom 15 Jenson Button
81%
United Kingdom 31 Nigel Mansell
80%
Brazil 23 Nelson Piquet
79%
United Kingdom 27 Jackie Stewart
77%
United Kingdom 25 Jim Clark
77%
Brazil 14 Emerson Fittipaldi
74%
Australia 14 Jack Brabham
74%
Italy 13 Alberto Ascari
71%
United States 12 Mario Andretti
71%
United Kingdom 13 David Coulthard
63%
Australia 12 Alan Jones
61%
United Kingdom 16 Stirling Moss
59%
Argentina 12 Carlos Reutemann
54%
Brazil 11 Rubens Barrichello
48%
No matching quizzes found
Score Distribution
Percent of People with Each Score
Percentile by Number Answered
Your Score History
You have not taken this quiz